Inventive Minds (Record no. 30883)
[ view plain ]
| 000 -LEADER | |
|---|---|
| fixed length control field | 00620nam a2200133Ia 4500 |
| 008 - FIXED-LENGTH DATA ELEMENTS--GENERAL INFORMATION | |
| fixed length control field | 220620s9999||||xx |||||||||||||| ||und|| |
| 020 ## - INTERNATIONAL STANDARD BOOK NUMBER | |
| International Standard Book Number | 9780260000000 |
| 245 #0 - TITLE STATEMENT | |
| Title | Inventive Minds |
| Remainder of title | Marvin Minsky on Education |
| 546 ## - LANGUAGE NOTE | |
| Language note | English[eng] |
| 650 ## - SUBJECT ADDED ENTRY--TOPICAL TERM | |
| Topical term or geographic name entry element | computer science||One Laptop per Child||OLPC||Logo||scratch||artificial intelligence||AI||W. Walter Grey||MIT||Seymour Papert||Alan Kay||Dynabook||Hal Abelson||Gary Stager||Margaret Minsky||Patrick Winston||Brian Silverman||Walter Bender||Media Lab |
| 700 ## - ADDED ENTRY--PERSONAL NAME | |
| Personal name | Solomon, Cynthia||Xiao, Xiao |
| 856 ## - ELECTRONIC LOCATION AND ACCESS | |
| Uniform Resource Identifier | <a href="https://doi.org/10.7551/mitpress/11558.001.0001">https://doi.org/10.7551/mitpress/11558.001.0001</a> |
| 942 ## - ADDED ENTRY ELEMENTS (KOHA) | |
| Koha item type | E-Books |
| Withdrawn status | Lost status | Damaged status | Not for loan | Home library | Current library | Date acquired | Total Checkouts | Date last seen | Price effective from | Koha item type |
|---|---|---|---|---|---|---|---|---|---|---|
| Kerala University of Digital Sciences, Innovation and Technology Knowledge Centre | Kerala University of Digital Sciences, Innovation and Technology Knowledge Centre | 20/06/2022 | 20/06/2022 | 20/06/2022 | E-Books |